000 00441nam a2200169Ia 4500
003 GCL
008 140319s9999 xx 000 0 ara d
040 _aGCL /
_cGCL
082 0 4 _a811.9
_bح ف
100 1 _aحلمى سالم
245 1 0 _aفقه اللذه /
_cحلمى سالم
300 _a108 ص
490 _a
650 0 4 _aالشعر العربى
650 0 4 _aالشعر العربى - العصر الحديث
942 _2ddc
_cBK
999 _c40920
_d40920